00766nam a2200217Ia 4500003000900000008004100009040001600050080001600066245004800082260003000130300001600160500008000176650004100256650002600297650002500323650002400348700003200372942000700404999001500411952012200426IN-BaIIA211028s9999 xx 000 0 eng d cIIA Library a629.19bSCH 0aBioastronauticscedited by Karl E. Schaefer aNew YorkbMacmillanc1964 aviii, 406p. aElectronic reproduction. [S.l.] : HathiTrust Digital Library, 2010. MiAaHDL aAstronomy and Astrophysics Thesaurus aBioastronautics94692 aSpace biology.94693 aSpace Flight.93424 aSchaefer, E. Karl ed.94694 cBK c2635d2635 00102ddc4070aBANbKODcGENd1966-03-30g72.00l0o629.19/ SCHp2940r2021-11-05v72.00w1966-03-30yBKGRs. 72.00